000 00642nam a2200205Ia 4500
003 GCL
008 140319s9999 xx 000 0 ara d
040 _aGCL /
_cGCL
082 0 4 _a320.5
_bع د
100 1 _aعبدالكريم احمد
245 1 0 _aدراسات فى النظرية السياسية الحديثة /
_cعبدالكريم احمد
260 _a[S.N] :
_bمعهد البحوث والدراسات العربية ،
_c1973
300 _a180 ص
490 _a
650 0 4 _aالسياسة
650 0 4 _aنظريات
650 0 4 _aالاجتماع
650 0 4 _aنظريات الطرق الصوفية
942 _2ddc
_cBK
999 _c28639
_d28639